| Tag |
First Indicator |
Second Indicator |
Subfields |
| LEADER |
00000cam a22000008a 4500 |
| 001 |
in00002781140 |
| 005 |
20150922115132.0 |
| 008 |
111205s2012 nyua c 6 000 1 eng |
| 010 |
|
|
|a 2011040748
|
| 019 |
|
|
|a 805572765
|a 807201665
|
| 020 |
|
|
|z 9780545132053 (hardcover : alk. paper)
|
| 020 |
|
|
|z 0545132053 (hardcover : alk. paper)
|
| 020 |
|
|
|a 9780545132060 (pbk. : alk. paper)
|
| 020 |
|
|
|a 0545132061 (pbk. : alk. paper)
|
| 020 |
|
|
|a 9780545326995
|
| 020 |
|
|
|a 0545326990
|
| 020 |
|
|
|a 9780545326988 (hc.)
|
| 020 |
|
|
|a 0545326982 (hc.)
|
| 035 |
|
|
|a (OCoLC)ocn767824903
|
| 035 |
|
|
|a (OCoLC)767824903
|z (OCoLC)805572765
|z (OCoLC)807201665
|
| 040 |
|
|
|a DLC
|b eng
|c DLC
|d BTCTA
|d WIM
|d FM0
|d OCLCO
|d WIQ
|d MLY
|d OCLCQ
|d UtOrBLW
|
| 042 |
|
|
|a lcac
|a pcc
|
| 043 |
|
|
|a n-us---
|
| 049 |
|
|
|a TXAM
|
| 050 |
0 |
0 |
|a PZ7.7.T45
|b Dr 2012
|
| 082 |
0 |
0 |
|a 741.5/973
|2 23
|
| 100 |
1 |
|
|a Telgemeier, Raina.
|
| 245 |
1 |
0 |
|a Drama /
|c Raina Telgemeier ; with color by Gurihiru.
|
| 250 |
|
|
|a 1st ed.
|
| 263 |
|
|
|a 1209
|
| 264 |
|
1 |
|a New York :
|b Graphix,
|c 2012.
|
| 300 |
|
|
|a 233 pages :
|b chiefly color illustrations ;
|c 21 cm.
|
| 336 |
|
|
|a text
|b txt
|2 rdacontent
|
| 337 |
|
|
|a unmediated
|b n
|2 rdamedia
|
| 338 |
|
|
|a volume
|b nc
|2 rdacarrier
|
| 520 |
|
|
|a Callie rides an emotional roller coaster while serving on the stage crew for a middle school production of Moon over Mississippi as various relationships start and end, and others never quite get going.
|
| 650 |
|
0 |
|a Theater
|v Comic books, strips, etc.
|
| 650 |
|
0 |
|a Interpersonal relations
|v Comic books, strips, etc.
|
| 650 |
|
0 |
|a Middle schools
|v Comic books, strips, etc.
|
| 650 |
|
0 |
|a Schools
|v Comic books, strips, etc.
|
| 650 |
|
0 |
|a Comic books, strips, etc.
|z United States.
|
| 650 |
|
1 |
|a Graphic novels.
|
| 650 |
|
1 |
|a Theater
|v Fiction.
|
| 650 |
|
1 |
|a Interpersonal relations
|v Fiction.
|
| 650 |
|
1 |
|a Middle schools
|v Fiction.
|
| 650 |
|
1 |
|a Schools
|v Fiction.
|
| 655 |
|
7 |
|a Graphic novels.
|2 lcgft
|
| 700 |
0 |
|
|a Gurihiru.
|
| 948 |
|
|
|a cataloged
|b h
|c 2012/10/18
|d c
|e ceaton
|f 1:37:37 pm
|
| 994 |
|
|
|a C0
|b TXA
|
| 999 |
|
|
|a MARS
|
| 999 |
f |
f |
|s 4e8a6303-aec7-3f86-b5ec-a72b39668906
|i 9b8a4a2d-e8fc-3e2b-823b-9d651041bc19
|t 0
|
| 952 |
f |
f |
|p normal
|a Texas A&M University
|b College Station
|c Sterling C. Evans Library
|d Evans: Library Stacks
|t 0
|e PZ7.7.T45 Dr 2012
|h Library of Congress classification
|i unmediated -- volume
|m A14841588323
|
| 998 |
f |
f |
|a PZ7.7.T45 Dr 2012
|t 0
|l Evans: Library Stacks
|